000 00644nam a2200181Ia 4500
008 090123s9999 xx 000 0 und d
082 _b27016
100 _aकाळे सुखदेव
245 _aपाऊस पाणी आणि पाण्याचा शोध
250 _a1
260 _bसन प्रकाशन
_c1997
300 _a68
600 _aकाळे सुखदेव
630 _aपाऊस पाणी आणि पाण्याचा शोध
700 _aकाळे सुखदेव
730 _aपाऊस पाणी आणि पाण्याचा शोध
942 _cBOOK
999 _c65171
_d65171